Normal view
MARC view
- Escuela Normal de Coahuila
Entry Nombre Corporativo
001 - NÚMERO DE CONTROL
- campo de control: 21970
003 - IDENTIFICADOR DE NUMERO DE CONTROL
- campo de control: MX-MxUPN
005 - FECHA Y HORA DE LA ÜLTIMA TRANSACCIÓN
- campo de control: 20240702092204.0
008 - DATOS DE LONGITUD FIJA
- campo de control de longitud fija: 240702n| fcnnnbabn | ana |d
035 ## - NÚMERO DE CONTROL
- Número de control: UPN10000021979
040 ## - FUENTE DE CATALOGACIÓN
- Agencia original de catalogación: MX-MxUPN
- Lenguaje de catalogación: spa
- Agencia transcribe: MX-MxUPN
110 2# - ENCABEZAMIENTO - NOMBRE CORPORATIVO
- Nombre corporativo o de jurisdicción como elemento de entrada : Escuela Normal de Coahuila
- Subdivisión temática general: Aniversarios, etc.
670 ## - FUENTE EN LA QUE SE LOCALIZARON DATOS
- Cita de la fuente : T/P
- Uniform Resource Identifier: http://www.benc.sepc.edu.mx/
902 ## - CATALOGADOR
- Catalogador: CAA/250495
